000 00171nam a2200073Ia 4500
008 170817s9999 xx 000 0 und d
100 _aKAPIL H.K.
245 0 _aANUSANDHAN VIDHIYA
260 _bH. P. BHARGAV
999 _c37612
_d37612